The 30 Best Men's National Volleyball Teams - Statistics

General Stats
  • This quiz has been taken 743 times
  • The average score is 20 of 30
Answer Stats
Rank National Team % Correct
1 Brazil
96%
5 United States
96%
4 Italy
94%
12 France
93%
20 Japan
93%
2 Russia
91%
3 Poland
90%
19 China
87%
9 Germany
86%
7 Argentina
85%
14 Canada
83%
6 Serbia
77%
13 Australia
71%
16 Republic of Korea
70%
10 Cuba
69%
25 Netherlands
69%
23 Mexico
66%
11 Iran
64%
8 Bulgaria
63%
21 Belgium
60%
28 Portugal
53%
17 Egypt
52%
30 Chile
44%
18 Finland
43%
27 Venezuela
40%
26 Czech Republic
38%
29 Colombia
37%
15 Tunisia
32%
22 Puerto Rico
25%
24 Cameroon
21%
No matching quizzes found
Score Distribution
Percent of People with Each Score
Percentile by Number Answered
Your Score History
You have not taken this quiz